[Event "Hull 4NCL International"]
[Site "Hull"]
[Date "2021.10.22"]
[Round "1.1"]
[White "Hilton, Tim"]
[Black "Hebden, Mark L"]
[Result "0-1"]
[WhiteElo "2027"]
[BlackElo "2530"]
[PlyCount "0"]
[EventDate "2021.10.22"]

1. c4 {[%clk 01:30:55]} {[%emt 00:00:04]} Nf6 {[%clk 01:30:04]} {[%emt
00:00:56]} 2. Nc3 {[%clk 01:31:19]} {[%emt 00:00:06]} g6 {[%clk 01:30:21]}
{[%emt 00:00:13]} 3. g3 {[%clk 01:31:42]} {[%emt 00:00:07]} Bg7 {[%clk
01:30:44]} {[%emt 00:00:06]} 4. Bg2 {[%clk 01:32:06]} {[%emt 00:00:06]} O-O
{[%clk 01:31:07]} {[%emt 00:00:08]} 5. e4 {[%clk 01:32:31]} {[%emt 00:00:06]}
c5 {[%clk 01:31:16]} {[%emt 00:00:20]} 6. Nge2 {[%clk 01:32:38]} {[%emt
00:00:22]} Nc6 {[%clk 01:31:28]} {[%emt 00:00:18]} 7. O-O {[%clk 01:32:49]}
{[%emt 00:00:19]} a6 {[%clk 01:30:35]} {[%emt 00:01:24]} 8. d3 {[%clk
01:32:34]} {[%emt 00:00:44]} Rb8 {[%clk 01:30:40]} {[%emt 00:00:25]} 9. a4
{[%clk 01:32:45]} {[%emt 00:00:19]} d6 {[%clk 01:31:00]} {[%emt 00:12:22]} 10.
h3 {[%clk 01:32:01]} Ne8 {[%clk 01:30:50]} 11. Be3 {[%clk 01:31:47]} e5 {[%clk
01:30:42]} 12. f4 {[%clk 01:29:44]} exf4 13. Nxf4 {[%clk 01:28:36]} Nc7 {[%clk
01:31:01]} 14. Nfd5 {[%clk 01:23:00]} {[%emt 00:02:03]} Nxd5 {[%clk 01:30:17]}
{[%emt 00:01:13]} 15. exd5 {[%clk 01:21:47]} {[%emt 00:01:43]} Nd4 {[%clk
01:29:48]} {[%emt 00:00:59]} 16. Rb1 {[%clk 01:19:53]} {[%emt 00:02:24]} b5
{[%clk 01:26:47]} {[%emt 00:03:31]} 17. axb5 {[%clk 01:10:25]} {[%emt
00:09:58]} axb5 {[%clk 01:27:09]} {[%emt 00:00:07]} 18. cxb5 {[%clk 01:07:43]}
{[%emt 00:03:13]} Nxb5 {[%clk 01:26:34]} {[%emt 00:01:05]} 19. Qd2 {[%clk
01:06:57]} {[%emt 00:01:16]} Nd4 {[%clk 01:21:57]} {[%emt 00:05:07]} 20. Ne4
{[%clk 01:01:57]} {[%emt 00:05:31]} Rb3 {[%clk 01:04:50]} {[%emt 00:17:36]} 21.
Bg5 {[%clk 00:56:15]} {[%emt 00:06:12]} f6 {[%clk 01:04:54]} {[%emt 00:00:27]}
22. Bf4 {[%clk 00:56:27]} {[%emt 00:00:18]} Nb5 {[%clk 01:04:32]} {[%emt
00:00:51]} 23. Rfe1 {[%clk 00:50:44]} {[%emt 00:06:13]} g5 {[%clk 01:02:16]}
{[%emt 00:02:46]} 24. Be3 {[%clk 00:50:33]} {[%emt 00:00:41]} h6 {[%clk
01:00:32]} {[%emt 00:02:14]} 25. Qd1 {[%clk 00:45:05]} {[%emt 00:05:57]} Rb4
{[%clk 01:00:40]} {[%emt 00:00:22]} 26. Bd2 {[%clk 00:39:01]} {[%emt 00:06:35]}
Rd4 {[%clk 00:58:53]} {[%emt 00:02:17]} 27. Be3 {[%clk 00:34:35]} {[%emt
00:04:56]} f5 {[%clk 00:58:59]} {[%emt 00:00:24]} 28. Nc3 {[%clk 00:33:33]}
{[%emt 00:01:32]} Rb4 {[%clk 00:56:07]} {[%emt 00:03:22]} 29. Nxb5 {[%clk
00:33:17]} {[%emt 00:00:46]} Rxb5 {[%clk 00:56:27]} {[%emt 00:00:10]} 30. Qd2
{[%clk 00:31:45]} {[%emt 00:02:02]} Rb4 {[%clk 00:55:00]} {[%emt 00:01:57]} 31.
Rf1 {[%clk 00:30:00]} {[%emt 00:02:16]} Be5 {[%clk 00:52:00]} {[%emt 00:03:29]}
32. Bf2 {[%clk 00:28:05]} {[%emt 00:02:25]} Qf6 {[%clk 00:50:20]} {[%emt
00:02:09]} 33. b3 {[%clk 00:26:29]} {[%emt 00:02:06]} Bd7 {[%clk 00:50:16]}
{[%emt 00:00:34]} 34. h4 {[%clk 00:24:57]} {[%emt 00:02:03]} gxh4 {[%clk
00:49:17]} {[%emt 00:01:28]} 35. gxh4 {[%clk 00:25:23]} {[%emt 00:00:04]} Kh7
{[%clk 00:48:23]} {[%emt 00:01:24]} 36. Qe3 {[%clk 00:24:02]} {[%emt 00:01:51]}
Rg8 {[%clk 00:48:06]} {[%emt 00:00:47]} 37. Qf3 {[%clk 00:23:44]} {[%emt
00:00:49]} Rbg4 {[%clk 00:47:20]} {[%emt 00:01:15]} 0-1

[Event "Hull 4NCL International"]
[Site "Hull"]
[Date "2021.10.22"]
[Round "1.2"]
[White "Arkell, Keith C"]
[Black "Chauhan, Pranay"]
[Result "1-0"]
[WhiteElo "2465"]
[BlackElo "2018"]
[PlyCount "0"]
[EventDate "2021.10.22"]

1. d4 {[%clk 01:28:38]} {[%emt 00:02:21]} Nf6 {[%clk 01:21:35]} {[%emt
00:15:39]} 2. Nf3 {[%clk 01:29:02]} g6 {[%clk 01:21:37]} 3. c4 {[%clk
01:29:27]} Bg7 {[%clk 01:21:53]} 4. g3 {[%clk 01:29:51]} O-O {[%clk 01:22:01]}
5. Bg2 {[%clk 01:30:17]} d6 {[%clk 01:21:45]} 6. Nc3 {[%clk 01:30:40]} c5
{[%clk 01:20:30]} 7. O-O {[%clk 01:30:56]} Nc6 {[%clk 01:20:15]} 8. dxc5 dxc5
{[%clk 01:20:42]} 9. Bf4 {[%clk 01:31:39]} Nh5 {[%clk 01:19:17]} {[%emt
00:01:02]} 10. Be3 {[%clk 01:32:02]} {[%emt 00:00:08]} Nd4 {[%clk 01:19:06]}
{[%emt 00:00:41]} 11. Qd2 {[%clk 01:32:11]} {[%emt 00:00:21]} e5 {[%clk
01:12:35]} {[%emt 00:07:01]} 12. Rfd1 {[%clk 01:32:18]} {[%emt 00:00:23]} Re8
{[%clk 00:53:16]} {[%emt 00:19:48]} 13. Bh6 {[%clk 01:26:14]} {[%emt 00:06:33]}
Rb8 {[%clk 00:36:30]} {[%emt 00:17:17]} 14. Bxg7 {[%clk 01:24:51]} {[%emt
00:01:53]} Kxg7 {[%clk 00:34:32]} {[%emt 00:02:28]} 15. e3 {[%clk 01:25:07]}
{[%emt 00:00:14]} Nxf3+ {[%clk 00:34:22]} {[%emt 00:00:40]} 16. Bxf3 {[%clk
01:25:31]} {[%emt 00:00:06]} Qxd2 {[%clk 00:34:12]} {[%emt 00:00:40]} 17. Rxd2
{[%clk 01:25:56]} {[%emt 00:00:05]} Nf6 {[%clk 00:34:11]} {[%emt 00:00:30]} 18.
Ne4 {[%clk 01:16:54]} {[%emt 00:09:32]} Nxe4 {[%clk 00:29:24]} {[%emt
00:05:18]} 19. Bxe4 {[%clk 01:17:21]} {[%emt 00:00:03]} Be6 {[%clk 00:27:05]}
{[%emt 00:02:49]} 20. Bd5 {[%clk 01:12:53]} {[%emt 00:04:59]} Rbd8 {[%clk
00:22:43]} {[%emt 00:04:51]} 21. Rad1 {[%clk 01:13:14]} {[%emt 00:00:09]} Bc8
{[%clk 00:21:13]} {[%emt 00:02:00]} 22. f3 {[%clk 01:12:39]} {[%emt 00:01:05]}
Rd6 {[%clk 00:17:21]} {[%emt 00:04:22]} 23. e4 {[%clk 01:09:47]} {[%emt
00:03:21]} b6 {[%clk 00:17:29]} {[%emt 00:00:23]} 24. a3 {[%clk 01:09:59]}
{[%emt 00:00:18]} Re7 {[%clk 00:13:55]} {[%emt 00:04:03]} 25. b4 {[%clk
01:09:41]} {[%emt 00:00:48]} Rc7 {[%clk 00:11:59]} {[%emt 00:02:27]} 26. Kf2
{[%clk 01:09:28]} {[%emt 00:00:42]} Kf8 {[%clk 00:07:04]} {[%emt 00:05:25]} 27.
Ke3 {[%clk 01:09:51]} {[%emt 00:00:08]} Ke7 {[%clk 00:06:56]} {[%emt 00:00:38]}
28. f4 {[%clk 01:08:48]} {[%emt 00:01:33]} f6 {[%clk 00:07:06]} {[%emt
00:00:20]} 29. Rf1 {[%clk 01:08:54]} {[%emt 00:00:24]} Be6 {[%clk 00:06:31]}
{[%emt 00:01:06]} 30. fxe5 {[%clk 01:07:46]} {[%emt 00:01:38]} fxe5 {[%clk
00:06:55]} {[%emt 00:00:06]} 31. Rdf2 {[%clk 01:07:38]} {[%emt 00:00:37]} cxb4
{[%clk 00:02:59]} {[%emt 00:04:27]} 32. axb4 {[%clk 01:06:33]} {[%emt
00:01:35]} Rdd7 {[%clk 00:00:35]} {[%emt 00:02:54]} 33. Rf6 {[%clk 01:05:06]}
{[%emt 00:01:56]} Rd6 {[%clk 00:00:37]} {[%emt 00:00:29]} 34. Bxe6 {[%clk
01:04:43]} {[%emt 00:00:53]} Rxe6 {[%clk 00:00:58]} {[%emt 00:00:09]} 35. Rf7+
{[%clk 01:05:06]} {[%emt 00:00:07]} Kd8 {[%clk 00:00:41]} {[%emt 00:00:47]} 36.
Rxc7 {[%clk 01:04:01]} {[%emt 00:01:35]} Kxc7 {[%clk 00:01:10]} {[%emt
00:00:02]} 37. Rf7+ {[%clk 01:04:23]} {[%emt 00:00:08]} Kb8 {[%clk 00:00:48]}
{[%emt 00:00:52]} 38. b5 {[%clk 01:01:47]} {[%emt 00:03:07]} h6 {[%clk
00:00:32]} {[%emt 00:00:47]} 39. g4 {[%clk 01:02:00]} {[%emt 00:00:16]} g5
{[%clk 00:00:32]} {[%emt 00:00:30]} 40. Rd7 {[%clk 00:59:23]} {[%emt 00:03:07]}
Rf6 {[%clk 00:00:34]} {[%emt 00:00:28]} 41. Re7 {[%clk 00:59:35]} {[%emt
00:00:17]} Rf4 {[%clk 00:00:41]} {[%emt 00:00:22]} 42. h3 {[%clk 00:59:20]}
{[%emt 00:00:45]} h5 {[%clk 00:00:37]} {[%emt 00:00:34]} 43. gxh5 {[%clk
00:57:56]} {[%emt 00:01:54]} Rh4 {[%clk 00:00:54]} {[%emt 00:00:14]} 44. Rxe5
{[%clk 00:57:49]} {[%emt 00:00:38]} Rxh3+ {[%clk 00:00:58]} {[%emt 00:00:26]}
45. Kd4 {[%clk 00:57:05]} {[%emt 00:01:14]} Rxh5 {[%clk 00:01:22]} {[%emt
00:00:06]} 46. Kd5 {[%clk 00:54:17]} {[%emt 00:03:18]} Kb7 {[%clk 00:00:36]}
{[%emt 00:01:17]} 47. Re7+ {[%clk 00:52:39]} {[%emt 00:02:08]} Kb8 {[%clk
00:00:36]} {[%emt 00:00:30]} 48. Rg7 {[%clk 00:51:34]} {[%emt 00:01:34]} Rh1
{[%clk 00:00:32]} {[%emt 00:00:35]} 49. e5 {[%clk 00:50:07]} {[%emt 00:01:58]}
Rh6 {[%clk 00:00:32]} {[%emt 00:00:30]} 50. e6 {[%clk 00:50:18]} {[%emt
00:00:19]} 1-0

[Event "Hull 4NCL International"]
[Site "Hull"]
[Date "2021.10.22"]
[Round "1.3"]
[White "Buckley, Colm"]
[Black "Wells, Peter K"]
[Result "0-1"]
[WhiteElo "2013"]
[BlackElo "2430"]
[PlyCount "0"]
[EventDate "2021.10.22"]

1. d4 {[%clk 01:30:56]} {[%emt 00:00:02]} Nf6 {[%clk 01:30:31]} {[%emt
00:00:30]} 2. c4 {[%clk 01:31:07]} {[%emt 00:00:19]} e6 {[%clk 01:30:49]}
{[%emt 00:00:12]} 3. Nf3 {[%clk 01:30:47]} {[%emt 00:00:50]} d5 {[%clk
01:30:49]} {[%emt 00:00:30]} 4. Nc3 {[%clk 01:30:47]} {[%emt 00:00:30]} c6
{[%clk 01:30:37]} {[%emt 00:00:41]} 5. e3 {[%clk 01:30:47]} {[%emt 00:00:32]}
Nbd7 {[%clk 01:31:00]} {[%emt 00:00:07]} 6. Qc2 {[%clk 01:30:18]} {[%emt
00:00:59]} Bd6 {[%clk 01:30:55]} {[%emt 00:12:19]} 7. Bd3 {[%clk 01:29:40]} O-O
{[%clk 01:31:13]} 8. O-O {[%clk 01:29:28]} dxc4 9. Bxc4 {[%clk 01:29:25]} b5
{[%clk 01:27:59]} 10. Bd3 {[%clk 01:27:38]} Bb7 {[%clk 01:18:53]} {[%emt
00:06:58]} 11. e4 {[%clk 01:22:59]} {[%emt 00:05:08]} e5 {[%clk 01:13:22]}
{[%emt 00:06:01]} 12. Bg5 {[%clk 01:13:30]} {[%emt 00:10:00]} exd4 {[%clk
00:56:33]} {[%emt 00:17:20]} 13. Nxd4 {[%clk 01:08:43]} {[%emt 00:05:17]} Bxh2+
{[%clk 00:47:01]} {[%emt 00:10:03]} 14. Kxh2 {[%clk 01:02:03]} {[%emt
00:07:09]} Ng4 {[%clk 00:47:23]} {[%emt 00:00:08]} 15. Kg3 {[%clk 00:58:55]}
{[%emt 00:03:38]} Qxg5 {[%clk 00:47:43]} {[%emt 00:00:09]} 16. Nf3 {[%clk
00:55:25]} {[%emt 00:04:00]} Qg6 {[%clk 00:45:17]} {[%emt 00:02:57]} 17. e5
{[%clk 00:48:37]} {[%emt 00:07:18]} f5 {[%clk 00:44:26]} {[%emt 00:01:21]} 18.
exf6 {[%clk 00:45:43]} {[%emt 00:03:25]} Qxf6 {[%clk 00:43:50]} {[%emt
00:01:05]} 19. Kxg4 {[%clk 00:39:58]} {[%emt 00:06:15]} Ne5+ {[%clk 00:42:27]}
{[%emt 00:01:53]} 20. Nxe5 {[%clk 00:38:16]} {[%emt 00:02:12]} Bc8+ {[%clk
00:42:34]} {[%emt 00:00:23]} 21. Kh5 {[%clk 00:36:57]} {[%emt 00:01:49]} Qh6
{[%emt 00:00:12]} 0-1

[Event "Hull 4NCL International"]
[Site "Hull"]
[Date "2021.10.22"]
[Round "1.4"]
[White "Bradbury, Neil H"]
[Black "Verma, Shlok"]
[Result "1-0"]
[WhiteElo "2329"]
[BlackElo "2005"]
[PlyCount "0"]
[EventDate "2021.10.22"]

1. d4 {[%clk 01:30:52]} {[%emt 00:00:07]} d5 {[%clk 01:30:43]} {[%emt
00:00:17]} 2. c4 {[%clk 01:31:17]} {[%emt 00:00:05]} dxc4 {[%clk 01:31:04]}
{[%emt 00:00:10]} 3. Nf3 {[%clk 01:31:24]} {[%emt 00:00:22]} Nf6 {[%clk
01:31:18]} {[%emt 00:00:17]} 4. Nc3 {[%clk 01:29:47]} {[%emt 00:02:06]} e6
{[%clk 01:29:24]} {[%emt 00:02:23]} 5. g3 {[%clk 01:29:37]} {[%emt 00:12:38]}
b6 {[%clk 01:27:46]} 6. Qa4+ {[%clk 01:24:20]} Qd7 {[%clk 01:23:09]} {[%emt
00:01:04]} 7. Qxc4 {[%clk 01:20:30]} {[%emt 00:04:20]} Ba6 {[%clk 01:21:07]}
{[%emt 00:02:32]} 8. Qb3 {[%clk 01:18:00]} {[%emt 00:03:01]} Nc6 {[%clk
01:19:55]} {[%emt 00:01:42]} 9. Bg2 {[%clk 01:15:53]} {[%emt 00:02:36]} Rd8
{[%clk 01:19:19]} {[%emt 00:01:07]} 10. O-O {[%clk 01:12:35]} {[%emt 00:03:48]}
Nd5 {[%clk 01:06:15]} {[%emt 00:13:35]} 11. Re1 {[%clk 01:00:28]} {[%emt
00:12:37]} Nxc3 {[%clk 01:05:49]} {[%emt 00:00:56]} 12. bxc3 {[%clk 01:00:10]}
{[%emt 00:00:48]} Na5 {[%clk 01:04:28]} {[%emt 00:01:50]} 13. Qc2 {[%clk
00:55:38]} {[%emt 00:05:01]} Nc4 {[%clk 01:04:32]} {[%emt 00:00:27]} 14. a4
{[%clk 00:51:48]} {[%emt 00:04:19]} Be7 {[%clk 01:01:05]} {[%emt 00:03:57]} 15.
e4 {[%clk 00:51:50]} {[%emt 00:00:28]} O-O {[%clk 00:58:40]} {[%emt 00:02:55]}
16. Bf1 {[%clk 00:51:46]} {[%emt 00:00:33]} Qc8 {[%clk 00:57:10]} {[%emt
00:02:00]} 17. e5 {[%clk 00:42:10]} {[%emt 00:10:06]} Na5 {[%clk 00:47:28]}
{[%emt 00:10:12]} 18. Bg5 {[%clk 00:37:26]} {[%emt 00:05:14]} Bxg5 {[%clk
00:30:25]} {[%emt 00:17:33]} 19. Nxg5 {[%clk 00:37:17]} {[%emt 00:00:38]} g6
{[%clk 00:30:49]} {[%emt 00:00:07]} 20. Bxa6 {[%clk 00:33:30]} {[%emt
00:04:17]} Qxa6 {[%clk 00:31:11]} {[%emt 00:00:08]} 21. Qe4 {[%clk 00:33:47]}
{[%emt 00:00:12]} Qc4 {[%clk 00:23:05]} {[%emt 00:08:37]} 22. Qh4 {[%clk
00:28:31]} {[%emt 00:05:45]} h5 {[%clk 00:23:28]} {[%emt 00:00:08]} 23. Ne4
{[%clk 00:28:40]} {[%emt 00:00:21]} c5 {[%clk 00:19:10]} {[%emt 00:04:49]} 24.
Nf6+ {[%clk 00:25:26]} {[%emt 00:03:43]} Kg7 {[%clk 00:19:18]} {[%emt
00:00:22]} 25. Nxh5+ {[%clk 00:25:23]} {[%emt 00:00:33]} gxh5 {[%clk 00:18:57]}
{[%emt 00:00:51]} 26. Qg5+ {[%clk 00:25:43]} {[%emt 00:00:10]} Kh7 {[%clk
00:18:29]} {[%emt 00:00:58]} 27. Qxh5 {[%clk 00:26:08]} {[%emt 00:00:05]} Kg7
{[%clk 00:18:29]} {[%emt 00:00:29]} 28. Qg5+ {[%clk 00:26:33]} {[%emt
00:00:05]} Kh8 {[%clk 00:18:11]} {[%emt 00:00:48]} 29. Re4 {[%clk 00:26:50]}
{[%emt 00:00:14]} Qd3 {[%clk 00:18:18]} {[%emt 00:00:22]} 30. Qf6 {[%clk
00:24:15]} {[%emt 00:03:04]} Kg8 {[%clk 00:18:42]} {[%emt 00:00:07]} 31. Rg4+
{[%emt 00:00:14]} 1-0

[Event "Hull 4NCL International"]
[Site "Hull"]
[Date "2021.10.22"]
[Round "1.5"]
[White "Fathallah, Joe"]
[Black "Jones, Steven A"]
[Result "0-1"]
[WhiteElo "1998"]
[BlackElo "2324"]
[PlyCount "0"]
[EventDate "2021.10.22"]

00:00:42]} 2. c4 {[%clk 01:30:44]} {[%emt 00:00:39]} g6 {[%clk 01:29:15]}
{[%emt 00:01:33]} 3. Nc3 {[%clk 01:30:55]} {[%emt 00:00:18]} d5 {[%clk
01:29:05]} {[%emt 00:00:41]} 4. Nf3 {[%clk 01:30:50]} {[%emt 00:00:34]} Bg7
{[%clk 01:29:08]} {[%emt 00:00:27]} 5. Bg5 {[%clk 01:30:46]} {[%emt 00:00:34]}
Ne4 {[%clk 01:27:32]} {[%emt 00:12:50]} 6. cxd5 {[%clk 01:30:35]} Nxg5 7. Nxg5
{[%clk 01:30:55]} e6 {[%clk 01:26:47]} 8. Qd2 {[%clk 01:30:17]} exd5 {[%clk
01:26:55]} 9. Qe3+ {[%clk 01:30:27]} Kf8 {[%clk 01:27:11]} 10. Qf4 {[%clk
01:30:33]} Bf6 {[%clk 01:26:58]} 11. h4 {[%clk 01:27:37]} h6 {[%clk 01:24:38]}
{[%emt 00:01:18]} 12. Nxd5 {[%clk 01:17:57]} {[%emt 00:10:11]} Bxg5 {[%clk
01:23:49]} {[%emt 00:01:19]} 13. Qe5 {[%clk 01:17:43]} {[%emt 00:00:44]} Rg8
{[%clk 01:22:25]} {[%emt 00:01:54]} 14. hxg5 {[%clk 01:10:26]} {[%emt
00:07:47]} Nc6 {[%clk 01:22:48]} {[%emt 00:00:08]} 15. Qe4 {[%clk 01:05:44]}
{[%emt 00:05:12]} Bf5 {[%clk 01:22:53]} {[%emt 00:00:25]} 16. Qf3 {[%clk
01:04:21]} {[%emt 00:01:54]} Nxd4 {[%clk 01:22:27]} {[%emt 00:00:56]} 17. Qa3+
{[%clk 01:02:21]} {[%emt 00:02:29]} Kg7 {[%clk 01:22:51]} {[%emt 00:00:06]} 18.
gxh6+ {[%clk 00:50:12]} {[%emt 00:12:40]} Kh7 {[%clk 01:21:05]} {[%emt
00:02:16]} 19. Ne3 {[%clk 00:48:02]} {[%emt 00:02:40]} c5 {[%clk 01:11:50]}
{[%emt 00:09:46]} 20. Qc3 {[%clk 00:44:16]} {[%emt 00:04:16]} Be6 {[%clk
00:52:14]} {[%emt 00:20:06]} 21. g3 {[%clk 00:36:34]} {[%emt 00:08:12]} Qb6
{[%clk 00:46:00]} {[%emt 00:06:44]} 22. Bh3 {[%clk 00:30:04]} {[%emt 00:06:59]}
Qc6 {[%clk 00:41:39]} {[%emt 00:04:50]} 23. Bg2 {[%clk 00:28:36]} {[%emt
00:01:58]} Qb5 {[%clk 00:41:29]} {[%emt 00:00:40]} 24. Bf3 {[%clk 00:26:19]}
{[%emt 00:02:47]} Rae8 {[%clk 00:34:42]} {[%emt 00:07:17]} 25. O-O {[%clk
00:19:41]} {[%emt 00:07:08]} Qxe2 {[%clk 00:33:30]} {[%emt 00:01:42]} 26. Bxe2
{[%clk 00:18:51]} {[%emt 00:01:20]} Nxe2+ {[%clk 00:33:52]} {[%emt 00:00:07]}
27. Kg2 {[%clk 00:19:07]} {[%emt 00:00:13]} Nxc3 {[%clk 00:34:17]} {[%emt
00:00:06]} 28. bxc3 {[%clk 00:19:32]} {[%emt 00:00:05]} Kxh6 {[%clk 00:34:32]}
{[%emt 00:00:15]} 29. Rfd1 {[%clk 00:18:32]} {[%emt 00:01:29]} Rd8 {[%clk
00:33:22]} {[%emt 00:01:40]} 30. Kf3 {[%clk 00:17:11]} {[%emt 00:01:51]} Kg7
{[%clk 00:33:02]} {[%emt 00:00:49]} 31. Rab1 {[%clk 00:10:14]} {[%emt
00:07:27]} Rxd1 {[%clk 00:31:40]} {[%emt 00:01:52]} 32. Rxd1 {[%clk 00:10:34]}
{[%emt 00:00:11]} Kf6 {[%clk 00:30:23]} {[%emt 00:01:47]} 33. a3 {[%clk
00:10:17]} {[%emt 00:00:47]} Rh8 {[%clk 00:25:31]} {[%emt 00:05:21]} 34. Rd2
{[%clk 00:09:06]} {[%emt 00:01:41]} b6 {[%clk 00:24:35]} {[%emt 00:01:26]} 35.
Kf4 {[%clk 00:06:40]} {[%emt 00:02:56]} Rh1 {[%clk 00:24:46]} {[%emt 00:00:18]}
36. Rd1 {[%clk 00:06:45]} {[%emt 00:00:26]} Rxd1 {[%clk 00:24:40]} {[%emt
00:00:35]} 37. Nxd1 {[%clk 00:07:12]} {[%emt 00:00:03]} b5 {[%clk 00:24:38]}
{[%emt 00:00:33]} 38. Nb2 {[%clk 00:05:54]} {[%emt 00:01:48]} Bf5 {[%clk
00:22:55]} {[%emt 00:02:12]} 39. g4 {[%clk 00:03:40]} {[%emt 00:02:44]} g5+
{[%clk 00:23:02]} {[%emt 00:00:23]} 40. Ke3 {[%clk 00:02:12]} {[%emt 00:01:58]}
Bxg4 {[%clk 00:22:11]} {[%emt 00:01:21]} 41. Nd3 {[%clk 00:02:34]} {[%emt
00:00:08]} c4 {[%clk 00:22:27]} {[%emt 00:00:14]} 42. Nb4 {[%clk 00:02:27]}
{[%emt 00:00:37]} Ke5 {[%clk 00:22:16]} {[%emt 00:00:41]} 43. Nc6+ {[%clk
00:01:48]} {[%emt 00:01:09]} Kd5 {[%clk 00:21:59]} {[%emt 00:00:46]} 44. Nb4+
{[%clk 00:01:28]} {[%emt 00:00:50]} Kc5 {[%clk 00:21:45]} {[%emt 00:00:44]} 45.
Ke4 {[%clk 00:01:25]} {[%emt 00:00:32]} a5 {[%clk 00:21:46]} {[%emt 00:00:29]}
46. Nc2 {[%clk 00:01:44]} {[%emt 00:00:11]} f6 {[%clk 00:20:09]} {[%emt
00:02:07]} 47. Ne3 {[%clk 00:01:39]} {[%emt 00:00:36]} Bd7 {[%clk 00:20:09]}
{[%emt 00:00:29]} 48. Nc2 {[%clk 00:01:42]} {[%emt 00:00:27]} Be6 {[%clk
00:18:24]} {[%emt 00:02:15]} 49. Nd4 {[%clk 00:01:00]} {[%emt 00:01:12]} Bh3
{[%clk 00:18:46]} {[%emt 00:00:08]} 50. Nc2 {[%clk 00:01:03]} {[%emt 00:00:28]}
Bf1 {[%clk 00:18:47]} {[%emt 00:00:29]} 51. Ke3 {[%clk 00:00:52]} {[%emt
00:00:42]} Bd3 {[%clk 00:18:43]} {[%emt 00:00:34]} 52. Nd4 {[%clk 00:00:44]}
{[%emt 00:00:38]} b4 {[%clk 00:18:34]} {[%emt 00:00:39]} 53. cxb4+ {[%clk
00:01:05]} {[%emt 00:00:09]} axb4 {[%clk 00:18:56]} {[%emt 00:00:08]} 54. axb4+
{[%clk 00:01:31]} {[%emt 00:00:04]} Kxb4 {[%clk 00:19:20]} {[%emt 00:00:06]} 55.
Nc6+ {[%clk 00:01:23]} {[%emt 00:00:39]} Kc3 {[%clk 00:19:13]} {[%emt
00:00:36]} 56. Ne7 {[%clk 00:01:31]} {[%emt 00:00:22]} Kb2 {[%clk 00:18:09]}
{[%emt 00:01:34]} 57. Nd5 {[%clk 00:01:39]} {[%emt 00:00:22]} c3 {[%clk
00:18:10]} {[%emt 00:00:29]} 58. Nb4 {[%clk 00:00:44]} {[%emt 00:01:25]} Bg6
{[%clk 00:18:27]} {[%emt 00:00:12]} 0-1

[Event "Hull 4NCL International"]
[Site "Hull"]
[Date "2021.10.22"]
[Round "1.6"]
[White "Cooper, John G"]
[Black "Mollison, Jamie"]
[Result "1-0"]
[WhiteElo "2313"]
[BlackElo "1998"]
[PlyCount "0"]
[EventDate "2021.10.22"]

1. e4 {[%clk 01:19:53]} {[%emt 00:18:24]} e6 {[%clk 01:30:46]} 2. d4 {[%clk
01:20:16]} d5 {[%clk 01:31:10]} 3. Nd2 {[%clk 01:20:40]} Nf6 {[%clk 01:31:15]}
4. e5 {[%clk 01:20:18]} Nfd7 {[%clk 01:29:12]} 5. Ngf3 {[%clk 01:20:18]} c5
{[%clk 01:29:31]} 6. c3 {[%clk 01:20:34]} Nc6 {[%clk 01:29:39]} 7. Bd3 {[%clk
01:20:48]} cxd4 8. cxd4 {[%clk 01:21:01]} f6 {[%clk 01:29:18]} {[%emt
00:00:17]} 9. exf6 {[%clk 01:15:51]} {[%emt 00:05:40]} Nxf6 {[%clk 01:29:37]}
{[%emt 00:00:10]} 10. O-O {[%clk 01:12:57]} {[%emt 00:03:24]} Bd6 {[%clk
01:28:47]} {[%emt 00:01:20]} 11. Re1 {[%clk 01:05:32]} {[%emt 00:07:56]} O-O
{[%clk 01:16:37]} {[%emt 00:12:37]} 12. Nf1 {[%clk 01:03:01]} {[%emt 00:03:02]}
Qc7 {[%clk 01:12:19]} {[%emt 00:04:49]} 13. Bg5 {[%clk 00:58:21]} {[%emt
00:05:09]} Kh8 {[%clk 00:38:24]} {[%emt 00:34:25]} 14. Rc1 {[%clk 00:52:15]}
{[%emt 00:06:36]} Qf7 {[%clk 00:28:41]} {[%emt 00:10:11]} 15. Bh4 {[%clk
00:42:22]} {[%emt 00:10:25]} Bd7 {[%clk 00:23:29]} {[%emt 00:05:29]} 16. Bb1
{[%clk 00:33:18]} {[%emt 00:09:47]} Rac8 {[%clk 00:11:24]} {[%emt 00:12:36]} 17.
a3 {[%clk 00:27:52]} {[%emt 00:05:57]} Bf4 {[%clk 00:04:17]} {[%emt 00:07:36]}
18. Rc3 {[%clk 00:23:48]} {[%emt 00:04:34]} e5 {[%clk 00:03:16]} {[%emt
00:01:31]} 19. Nxe5 {[%clk 00:21:33]} {[%emt 00:02:45]} Nxe5 {[%clk 00:02:25]}
{[%emt 00:01:21]} 20. Rxc8 {[%clk 00:19:08]} {[%emt 00:02:56]} Bxc8 {[%clk
00:02:03]} {[%emt 00:00:52]} 21. dxe5 {[%clk 00:19:13]} {[%emt 00:00:24]} Ng4
{[%clk 00:01:47]} {[%emt 00:00:46]} 22. Qd4 {[%clk 00:18:02]} {[%emt 00:01:42]}
Re8 {[%clk 00:00:46]} {[%emt 00:01:31]} 23. Bg3 {[%clk 00:17:01]} {[%emt
00:01:31]} Bxg3 {[%clk 00:00:34]} {[%emt 00:00:42]} 24. Nxg3 {[%clk 00:16:28]}
{[%emt 00:01:03]} 1-0